King Richard ii / (Record no. 53941)

MARC details
000 -LEADER
fixed length control field 00379nam a2200145Ia 4500
005 - DATE AND TIME OF LATEST TRANSACTION
control field 20260430133756.0
008 - FIXED-LENGTH DATA ELEMENTS--GENERAL INFORMATION
fixed length control field 260429s9999||||xx |||||||||||||| ||und||
020 ## - INTERNATIONAL STANDARD BOOK NUMBER
International Standard Book Number 8185618879
082 ## - DEWEY DECIMAL CLASSIFICATION NUMBER
Classification number 822.330
Item number GUR
100 ## - MAIN ENTRY--PERSONAL NAME
Personal name Gurr, Andrew
245 #0 - TITLE STATEMENT
Title King Richard ii /
Statement of responsibility, etc Andrew Gurr
260 ## - PUBLICATION, DISTRIBUTION, ETC. (IMPRINT)
Place of publication, distribution, etc London :
Name of publisher, distributor, etc Cambridge University Press,
Date of publication, distribution, etc 2005.
300 ## - PHYSICAL DESCRIPTION
Extent 224 p.; pbk
942 ## - ADDED ENTRY ELEMENTS (KOHA)
Koha item type Text Books
Holdings
Withdrawn status Lost status Damaged status Not for loan Home library Location Shelving location Date of Cataloging Source of acquisition Total Checkouts Full call number Barcode Date last seen Price effective from Koha item type
        CUTN Central Library CUTN Central Library Literature 30/04/2026 Gratis   822.330 GUR 55930 30/04/2026 30/04/2026 Text Books